Zoom - zoom vo veľkom kabáte Mazda 5

Bibliographic Details
Main Author: Kríž, Ľuboš (Author)
Format: Article
Language:Slovak
PhysicalDescription:Fotogr.
ISSN:0139-7001
Subjects:

MARC

LEADER 00000nab a2200000 ar4500
001 vtls008413330
003 SK-MaSNL
005 20260303070221.0
008 051205c20051125xo sr|p|||||||000 b|slo
015 |a SNBRB2005/12  |2 snkbucl 
038 |a SNKBUCL 
040 |a SNKBUCL  |b slo  |c SNKBUCL  |e AACR2 
041 0 |a slo 
044 |a xo  |c SK 
080 |a 629.331.1  |2 UDC-MRF-SK2 
100 1 |a Kríž, Ľuboš  |4 aut  |9 267426 
245 1 0 |a Zoom - zoom vo veľkom kabáte  |b Mazda 5  |c Ľuboš Kríž 
300 |b Fotogr. 
650 0 7 |a Mazda 5 (osobný automobil)  |2 snkbucl  |9 1028236 
650 0 7 |a technické parametre  |2 snkbucl  |9 452097 
650 0 7 |a osobné automobily  |2 snkbucl  |9 26643 
773 0 |t Šport  |g Roč. 59, č. 272 (25.11.2005), s. 14-15  |x 0139-7001 
852 |a SNK  |b KIS3GCP 
999 |c 1754422  |d 1756352